|
|
|
|
| LEADER |
00643cam a2200181 7i4500 |
| 001 |
0000015841 |
| 005 |
20170218090000.0 |
| 020 |
|
|
|a 0155274953 (pbk.)
|
| 090 |
0 |
0 |
|a HF5679
|b .B75 1990
|
| 100 |
1 |
|
|a Brigham, Eugene F
|
| 245 |
1 |
0 |
|a Financial accounting with Lotus 1-2-3 :
|b text and models
|c Eugene F. Brigham, W. Robert Knechel.
|
| 260 |
|
|
|a San Diego:
|b Harcourt Brace Jovanovich,
|c 1990.
|
| 300 |
|
|
|a xii, 484 p.:
|b ill.;
|c 26 cm.
|
| 650 |
0 |
0 |
|a Accounting --
|x Data processing
|
| 700 |
1 |
|
|a Knechel, W. Robert
|
| 997 |
|
|
|a Business & Accountancy, Faculty
|
| 998 |
|
|
|a Accountancy, Degree
|
| 999 |
|
|
|a 0000022458
|b BOK
|c OPEN SHELF
|e 1st Floor, Shah Alam
|